00793cam a22002291 450000100060000000300080000600500170001400800390003103500200007003500190009004000430010904100080015208200200016010000330018024500440021326000840025730000250034150400640036650400500043060000560048065000270053619586BD-RjUL20211209000442.0140225r19651964enk b 001 0 eng a(BD-RjUL) 19646 a(OCoLC)3759844 aDLCcOAUdOCoLCdUkdDLCdBD-RjULbeng aeng a823.8bCOD 19651 aCollins, Philip,d1923-2007.10aDickens and education /cPhilip Collins aNew York ;aLondon :bMacmillan ;bSt. Martin's Press,cc1964 [Reprinted 1965]. aix, 258 p. ;c23 cm. aBibliographical references included in "Notes" (p. 226-247) aIncludes bibliography (p. 248-251) and index.10aDickens, Charles,d1812-1870xKnowledgexEducation. 0aEducationxPhilosophy.